ARRUPE JESUIT UNIVERSITY

CORONAVIRUS -STOP THE SPREAD - CLEAN,DISINFECT,COVER

A pictorial history of crime films / (Record no. 125428)

MARC details
000 -LEADER
fixed length control field 00854nam a2200277 i 4500
001 - CONTROL NUMBER
control field 4112782
003 - CONTROL NUMBER IDENTIFIER
control field ARRUPE
005 - DATE AND TIME OF LATEST TRANSACTION
control field 20161006102432.0
008 - FIXED-LENGTH DATA ELEMENTS--GENERAL INFORMATION
fixed length control field 750913s1975 enka b 001 0 eng
010 ## - LIBRARY OF CONGRESS CONTROL NUMBER
LC control number 75323903
015 ## - NATIONAL BIBLIOGRAPHY NUMBER
National bibliography number GB75-11758
020 ## - INTERNATIONAL STANDARD BOOK NUMBER
International Standard Book Number 0600370224 :
Terms of availability £2.95
040 ## - CATALOGING SOURCE
Original cataloging agency DLC
Transcribing agency DLC
Modifying agency DLC
050 00 - LIBRARY OF CONGRESS CALL NUMBER
Classification number PN1995.9.D4
Item number C3
082 00 - DEWEY DECIMAL CLASSIFICATION NUMBER
Classification number 791.43/0909/353
300 ## - PHYSICAL DESCRIPTION
Other physical details ill. ;
Dimensions 31 cm.
100 1# - MAIN ENTRY--PERSONAL NAME
Personal name Cameron, Ian Alexander,
Dates associated with a name 1937-
9 (RLIN) 26504
245 12 - TITLE STATEMENT
Title A pictorial history of crime films /
Statement of responsibility, etc Ian Cameron.
260 ## - PUBLICATION, DISTRIBUTION, ETC. (IMPRINT)
Place of publication, distribution, etc London ;
-- New York :
Name of publisher, distributor, etc Hamlyn,
Date of publication, distribution, etc 1975.
300 ## - PHYSICAL DESCRIPTION
Extent 2-221 p. :
500 ## - GENERAL NOTE
General note Ill. on lining papers.
500 ## - GENERAL NOTE
General note Includes index.
504 ## - BIBLIOGRAPHY, ETC. NOTE
Bibliography, etc Bibliography: p. 217.
650 #0 - SUBJECT ADDED ENTRY--TOPICAL TERM
Topical term or geographic name as entry element Detective and mystery films
General subdivision History and criticism.
9 (RLIN) 26505
906 ## - LOCAL DATA ELEMENT F, LDF (RLIN)
a 7
b cbc
c orignew
d 3
e ncip
f 19
g y-gencatlg
942 ## - ADDED ENTRY ELEMENTS (KOHA)
Source of classification or shelving scheme Library of Congress Classification
Koha item type Monograph ( Printed materials)
Holdings
Withdrawn status Lost status Source of classification or shelving scheme Damaged status Not for loan Collection code Home library Current library Shelving location Date acquired Total Checkouts Full call number Barcode Date last seen Price effective from Koha item type
    Library of Congress Classification     Main Collection ARRUPE LIBRARY ARRUPE LIBRARY Main Collection 06/10/2016   L PN1995.9.D4 C3 46500010643 06/10/2016 06/10/2016 Monograph ( Printed materials)

 

Arrupe Library. PO Box MP320 Mt Pleasant, Harare, Zimbabwe
263 242 745411|librarian@aju.ac.zw